000 01193nam a2200241Ia 4500
999 _c54673
_d54673
001 21740
003 GE_BSU
005 20220207115724.0
008 181216s ||||ge |||||||||||||| ||geo||
040 _cGE_BSU
041 _ageo
080 _a27-535.8:091(=353.1) ფ-96
245 _aფსალმუნნი :
_bფსალმუნის ძველი ქართული რედაქციები X-XIII საუკუნეთა ხელნაწერების მიხედვით /
_cგამოსცა მზექალა შანიძემ ; რედ. ა. შანიძე.
264 _aთბილისი :
_bსაქ. სსრ მეცნ. აკად. გამ-ბა,
_c1960.
300 _a485 გვ. :
_c24 სმ. ;
_e11 ტაბულა.
541 _h5ლ. 90თ.
546 _aდამატებითი თავფურცელი რუსულ ენაზე
653 _aრელიგია
653 _aქართული ხელნაწერები
653 _aფსალმუნები
700 _aშანიძე, ა.
_eრედაქტორი
_913482
942 _cBK
_2udc